000 00707nam a2200229Ii 4500
003 JO-AjNU
008 230605s9999||||xx |||||||||||||| ||und||
017 _a2005/2/314
020 _a9957-24-217-2
040 _aJO-AjNU
_bara
_erda
_cJO-AjNU
041 _aara
050 1 4 _aPJ6151.K4252 2005
100 3 _aالخالدي، كريم حسين ناصح,
_eauthor
_911002
245 0 0 _aأصالة النحو العربي
250 _aط1
264 3 1 _aعمان: المؤلف، 2005
300 _a192ص
336 _atext
_btxt
_2rdacontent
337 _aunmediated
_bn
_2rdamedia
338 _avolume
_bnc
_2rdacarrier
650 4 _aالنحو العربي-القواعد-اللغة العربية
_911003
999 _aA2098
_c5666
_d5666